Photosynthesis [trojrozmerný objekt] /

Gespeichert in:
Bibliographische Detailangaben
1. Verfasser: Hach Hjalmar (Verfasst von)
Weitere Verfasser: Miramon Sabrina (Illustrationen)
Format: Buch
Veröffentlicht: Pont-à-Mousson : Blue Orange Games, 2017
Schlagworte:
Online-Zugang:https://www.zatrolene-hry.cz/spolecenska-hra/photosynthesis-7238/?gatracking=autocomplete
Tags: Tag hinzufügen
Keine Tags, Fügen Sie das erste Tag hinzu!

MARC

LEADER 00000nam a22000003a 4500
001 0074559
003 SK-STU
005 20190715111004.5
007 ta
008 190715s ----xo-----e------000-0-----d
040 |a STU  |b slo 
100 1 |a Hach Hjalmar  |4 aut 
245 1 0 |a Photosynthesis [trojrozmerný objekt] /  |c aut. Hach Hjalmar ; ilustr. Miramon Sabrina 
260 |a Pont-à-Mousson :  |b Blue Orange Games,  |c 2017 
650 0 7 |a spoločenské hry 
700 1 |a Miramon Sabrina  |4 ill 
856 4 0 |u https://www.zatrolene-hry.cz/spolecenska-hra/photosynthesis-7238/?gatracking=autocomplete 
996 |b I24KN000096  |c I*HRY022/19  |l II680  |s P  |a 0  |w 0074559_0001